00556nam a2200205 a 4500008004100000020002200041100001700063245004100080250001200121260003200133300003300165504004100198500002000239650001400259650002300273650002700296003000100323005001700324040000900341  a0333144430 (pbk.)1 aRyder, G. H.10aStrength of materials /cG.H. Ryder. a3rd ed. aLondon :bMacmillan,c1969. axii, 340p. :bill. ;c21 cm. aIncludes bibliographical references. aIncludes index. aCalculus. aApplied mechanics. 0aStrength of materials.20230123134156.0 cNUST